00284nam a2200109Ia 4500082001200000100001900012245005300031260003100084300000800115650002900123710002200152 aTB.0110 aBagalkot, L.H. 0aManpower planning at the level of an entreprises c1986bUniversity of Bombay a447 aManpower planningzIndia aPanchamukhi, P.R.